| Tag |
First Indicator |
Second Indicator |
Subfields |
| LEADER |
00000cam a22000007i 4500 |
| 001 |
in00004811913 |
| 008 |
821213s1965 ru a b 000 0 rusod |
| 005 |
20240807191539.3 |
| 035 |
|
|
|a (OCoLC)ocm09048047
|
| 040 |
|
|
|a CRL
|b eng
|e rda
|c CRL
|d OCLCG
|d DKU
|d OCLCQ
|d OCLCF
|d OCLCQ
|d OCLCO
|d OCLCQ
|d OCLCO
|d OCLCL
|
| 066 |
|
|
|c (N
|
| 035 |
|
|
|a (OCoLC)09048047
|
| 050 |
|
4 |
|a QL737.C4
|b T65i
|
| 049 |
|
|
|a MAIN
|
| 100 |
1 |
|
|a Tomilin, A. G.
|q (Avenir Grigorʹevich)
|1 https://id.oclc.org/worldcat/entity/E39PBJjxvBpbwyqWc6gP6K4THC
|0 http://id.loc.gov/authorities/names/n85147943,
|e author
|
| 245 |
1 |
0 |
|6 880-01
|a Istorii︠a︡ slepogo kashalota /
|c A.G. Tomilin.
|
| 264 |
|
1 |
|6 880-02
|a Moskva :
|b Nauka,
|c 1965.
|
| 880 |
|
1 |
|6 264-02/(N
|a Москва :
|b Наука,
|c 1965.
|
| 300 |
|
|
|a 189 pages :
|b illustrations (some color)
|
| 336 |
|
|
|a text
|b txt
|2 rdacontent
|
| 337 |
|
|
|a unmediated
|b n
|2 rdamedia
|
| 338 |
|
|
|a volume
|b nc
|2 rdacarrier
|
| 490 |
0 |
|
|6 880-03
|a Nauchno-populi︠a︡rnai︠a︡ serii︠a︡ / Akademii︠a︡ nauk SSSR
|
| 504 |
|
|
|a Includes bibliographical references (pages 186-188).
|
| 588 |
|
|
|a Non-Latin script generated programmatically.
|
| 590 |
|
|
|b TAG Physical Holdings 2
|
| 650 |
|
0 |
|a Cetacea.
|0 http://id.loc.gov/authorities/subjects/sh85022218
|
| 650 |
|
6 |
|a Cétacés.
|
| 650 |
|
7 |
|a Cetacea.
|2 fast
|0 (OCoLC)fst00851577
|
| 758 |
|
|
|i has work:
|a Istorija slepogo kašalota (Text)
|1 https://id.oclc.org/worldcat/entity/E39PCG3RYJYTK3TyKYhmKfVP33
|4 https://id.oclc.org/worldcat/ontology/hasWork
|
| 880 |
1 |
0 |
|6 245-01/(N
|a История слепого кашалота /
|c А.Г. Томилин.
|
| 880 |
0 |
|
|6 490-03/(N
|a Научно-популярная серия / Академия наук СССР
|
| 994 |
|
|
|a 92
|b TAG
|
| 852 |
|
|
|a TAG
|b TAGC
|c galv,sc
|h QL737.C435 T65
|t c.1
|z Gift from Dr. William E. Evans.
|
| 876 |
|
|
|p 33620000297818
|x ACC# 91-2537
|u noncirc
|v unmediated -- volume
|
| 999 |
f |
f |
|s ea7e0159-4910-482e-aafd-efb0ccbae6a4
|i 8ac9928d-393a-4951-b5aa-40666e55dfdf
|t 0
|
| 952 |
f |
f |
|p noncirc
|a Texas A&M University
|b Galveston Campus
|c Jack K. Williams Library
|d Galveston Special Collections
|t 0
|e QL737.C435 T65
|h Library of Congress classification
|i unmediated -- volume
|m 33620000297818
|
| 998 |
f |
f |
|a QL737.C435 T65
|t 0
|l Galveston Special Collections
|